000 00621cam a22002411 4500
001 ne 63000496
003 DLC
005 20260227111742.0
008 890617s1962 xx a 000 0 ara
010 _ane 63000496
035 _a(OCoLC)23482275
040 _aDLC
_cMiU
_dDLC
042 _apremarc
043 _ae-au---
050 0 0 _aDB27
_b.J3
100 1 _aJawhar, Ḥasan Muḥammad.
245 0 3 _aal-Nimsā.
260 _c[1962]
300 _a93 p.
_billus.
_c19 cm.
500 _aRomanized.
651 0 _aAustria
_xDescription and travel
700 2 _aShams al-Dīn, Muḥammad al-Ḥanafī,
_ejoint author.
999 _c45666
_d45666